| 000 | 01030cam a2200265 a 4500 | ||
|---|---|---|---|
| 999 |
_c30147 _d30147 |
||
| 001 | 14345586 | ||
| 005 | 20190227084225.0 | ||
| 008 | 060419s2007 nyua b 000 0 eng | ||
| 010 | _a 2006013068 | ||
| 020 | _a0321446895 | ||
| 040 |
_aDLC _cDLC _dDLC |
||
| 042 | _apcc | ||
| 050 | 0 | 0 |
_aPN167 _b.S74 2007 |
| 082 | 0 | 0 |
_a808 _222 |
| 100 | 1 |
_aStern, Linda, _d1947- _eauthor. |
|
| 245 | 1 | 0 |
_aWhat every student should know about avoiding plagiarism / _cLinda Stern. |
| 250 | _a1st ed. | ||
| 260 |
_aNew York : _bPearson/Longman, _cc2007. |
||
| 300 |
_avi, 74 p. : _bill. ; _c23 cm. |
||
| 504 | _aIncludes bibliographical references. | ||
| 650 | 0 | _aPlagiarism. | |
| 856 | 4 | 1 |
_3Table of contents only _uhttp://www.loc.gov/catdir/toc/ecip0612/2006013068.html |
| 906 |
_a7 _bcbc _corignew _d1 _eecip _f20 _gy-gencatlg |
||
| 942 |
_2lcc _cSH_L_BOOKS _hPN167 .S74 2007 |
||